App Logo Quiz #2 - Statistics

General Stats
  • This quiz has been taken 496 times
  • The average score is 7 of 10
Answer Stats
Picture Answer % Correct
Chrome
99%
Amazon
97%
App Store
85%
Pinterest
84%
Face Time
78%
Google Drive
67%
Linkedin
55%
Tumblr
44%
Vimeo
36%
Microsoft Office Word
8%
No matching quizzes found
Score Distribution
Percent of People with Each Score
Percentile by Number Answered
Your Score History
You have not taken this quiz